Freak

Bibliographic Details
Main Author: Pascal, Francine
Format: Book
Published: New York : : Simon Pulse, , c2003.
Series:Pascal, Francine. Fearless ; #30.
Subjects:

MARC

LEADER 00000cam a2200000 7i4500
001 0000026463
005 20160330.0
008 090603
020 |a 0689857675 
090 0 0 |a PAS   |b ENG 
100 1 |a Pascal, Francine 
245 1 0 |a Freak   |c Francine Pascal 
260 |a New York : :   |b Simon Pulse, ,   |c c2003. 
490 1 |a Fearless ; #30 
500 |a Includes an excerpt from Samurai girl, book four, the book of the wind. 
500 |a Teenager ages 13-18 years old (blue) 
650 0 |a Fear   |x Fiction. 
650 0 |a Moore, Gaia (Fictitious character)   |x Fiction. 
650 0 |a Teenage girls   |x Fiction. 
800 1 |a Pascal, Francine.   |t Fearless ;   |v #30. 
999 |a 0001056648   |b Book   |c Adult Collection   |e Perbadanan Perpustakaan Awam Johor 
999 |a 0001056651   |b Book   |c Teenagers   |e Cawangan Pontian